00466nam a22001937a 450000500170000001000130001702000100003003500130004003700160005304000120006908200160008110000180009724500390011526000400015427000130019430000250020765000230023265000170025520170124110103.0 aA-122275 c00.00 aA-122275 bCen Lib/Ret aDPLbEN a942.06bBUC aBuchan, John  aOliver cromwell /cby John Buchan  bThe Reprint Society c1941aLondon  bLondon  avii, 459p.c16cm(Hb) aHistory zEngland  aBiographies